Central Library OPAC University of Rajshahi

Beginning iPad application development / (Record no. 13489)

MARC details
000 -LEADER
fixed length control field 01017cam a2200325 a 4500
001 - CONTROL NUMBER
control field 13489
003 - CONTROL NUMBER IDENTIFIER
rucl marc code BD-RjUL
005 - DATE AND TIME OF LATEST TRANSACTION
control field 20211208235449.0
008 - FIXED-LENGTH DATA ELEMENTS--GENERAL INFORMATION
fixed length control field 140201s2010 inua 001 0 eng
020 ## - INTERNATIONAL STANDARD BOOK NUMBER
International Standard Book Number 9780470641651 (pbk : alk. paper)
International Standard Book Number 0470641657 (pbk : alk. paper)
035 ## - SYSTEM CONTROL NUMBER
System control number (BD-RjUL)13540
040 ## - CATALOGING SOURCE
Original cataloging agency DLC
Transcribing agency BD-RjUL
Modifying agency BD-RjUL
Language of cataloging eng
041 ## - LANGUAGE CODE
Language code of text/sound track or separate title eng
082 00 - DEWEY DECIMAL CLASSIFICATION NUMBER
Classification number 004.165
Edition number 22
Author mark and year LEB 2010
100 1# - MAIN ENTRY--PERSONAL NAME
Personal name Lee, Wei-Meng.
9 (RLIN) 42072
245 10 - TITLE STATEMENT
Title Beginning iPad application development /
Statement of responsibility, etc. Wei-Meng Lee.
246 30 - VARYING FORM OF TITLE
Title proper/short title iPad application development
260 ## - PUBLICATION, DISTRIBUTION, ETC. (IMPRINT)
Place of publication, distribution, etc. Indianapolis, IN :
Name of publisher, distributor, etc. Wiley Pub.,
Date of publication, distribution, etc. c2010.
300 ## - PHYSICAL DESCRIPTION
Pagination xxxi, 563 p. :
Illustrations ill. ;
Size 24 cm.
490 0# - SERIES STATEMENT
Series statement Wrox beginning guides
Series statement Wrox programmer to programmer
500 ## - GENERAL NOTE
General note Includes index.
650 #0 - SUBJECT ADDED ENTRY--TOPICAL TERM
Topical term or geographic name as entry element iPad (Computer)
General subdivision Programming.
9 (RLIN) 42073
Topical term or geographic name as entry element Application software
General subdivision Development.
9 (RLIN) 42074
Topical term or geographic name as entry element Mobile computing.
9 (RLIN) 42075
942 ## - ADDED ENTRY ELEMENTS (KOHA)
Source of classification or shelving scheme Dewey Decimal Classification
Koha item type Books
Holdings
Lost status Source of classification or shelving scheme Damaged status Not for loan Collection code Permanent Location Current Location Shelving location Date acquired Source of acquisition Cost, normal purchase price Total Checkouts Full call number Date last seen Copy number Koha item type
  Dewey Decimal Classification   Not For Loan Non-fiction Central Library, University of Rajshahi Central Library, University of Rajshahi Reading Room 01/10/2013 Asia Foundation 34.99   004.165 LEB 2010 01/02/2014 C-1 Books
  Dewey Decimal Classification     Non-fiction Central Library, University of Rajshahi Central Library, University of Rajshahi   01/10/2013 Asia Foundation 34.99   004.165 LEB 2010 01/02/2014 C-2 Books